|
|
|
|
| LEADER |
00760nam a2200229 4500 |
| 001 |
c000073839 |
| 003 |
CARM |
| 005 |
00000000000000.0 |
| 008 |
701009s1968 enk 00001 eng |
| 015 |
|
|
|a B68-14070
|
| 019 |
1 |
|
|a 295480
|5 LACONCORD2021
|
| 020 |
|
|
|a 0491003900
|
| 035 |
|
|
|a (OCoLC)103264
|5 LACONCORD2021
|
| 050 |
0 |
0 |
|a PZ3.C2714
|b Ro3
|a PS3505.A842
|
| 100 |
1 |
|
|a Caspary, Vera,
|d 1904-
|
| 245 |
1 |
4 |
|a The Rosecrest cell.
|
| 260 |
|
|
|a London,
|b W. H. Allen,
|c 1968.
|
| 300 |
|
|
|a 372 p.
|c 21 cm.
|
| 852 |
8 |
|
|b CARM
|h A2:AG29H0
|i A00767
|p 0103382
|f BK
|
| 082 |
0 |
4 |
|a 813/.5/2
|
| 999 |
f |
f |
|i 3a5b7ac1-8f92-5543-9d82-9ef89c07499e
|s 445399a9-cdcb-50be-882f-f0580d08ec1b
|
| 952 |
f |
f |
|p Can circulate
|a CAVAL
|b CAVAL
|c CAVAL
|d CARM 1 Store
|e A00767
|f A2:AG29H0
|h Other scheme
|i book
|m 0103382
|